<?xml version="1.0" encoding="UTF-8"?>
<record
    xmlns:xsi="http://www.w3.org/2001/XMLSchema-instance"
    xsi:schemaLocation="http://www.loc.gov/MARC21/slim http://www.loc.gov/standards/marcxml/schema/MARC21slim.xsd"
    xmlns="http://www.loc.gov/MARC21/slim">

  <leader>02144cam a22003855a 4500</leader>
  <controlfield tag="001">18552554</controlfield>
  <controlfield tag="003">NUST - PNEC</controlfield>
  <controlfield tag="005">20170116181203.0</controlfield>
  <controlfield tag="008">150402s2015    njua          001 0 eng d</controlfield>
  <datafield tag="010" ind1=" " ind2=" ">
    <subfield code="a">  2015937848</subfield>
  </datafield>
  <datafield tag="020" ind1=" " ind2=" ">
    <subfield code="a">9781119090625</subfield>
  </datafield>
  <datafield tag="020" ind1=" " ind2=" ">
    <subfield code="a">1119090628</subfield>
  </datafield>
  <datafield tag="035" ind1=" " ind2=" ">
    <subfield code="a">(OCoLC)ocn900793413</subfield>
  </datafield>
  <datafield tag="040" ind1=" " ind2=" ">
    <subfield code="a">BTCTA</subfield>
    <subfield code="b">eng</subfield>
    <subfield code="c">LIBRARY</subfield>
  </datafield>
  <datafield tag="042" ind1=" " ind2=" ">
    <subfield code="a">lccopycat</subfield>
  </datafield>
  <datafield tag="082" ind1="0" ind2="4">
    <subfield code="a">512 STE</subfield>
  </datafield>
  <datafield tag="100" ind1="1" ind2=" ">
    <subfield code="a">Sterling, Mary Jane,</subfield>
    <subfield code="e">author.</subfield>
  </datafield>
  <datafield tag="245" ind1="1" ind2="0">
    <subfield code="a">Algebra II for Dummies /</subfield>
    <subfield code="c">by Mary Jane Sterling.</subfield>
  </datafield>
  <datafield tag="246" ind1="3" ind2=" ">
    <subfield code="a">Algebra 2 for dummies</subfield>
  </datafield>
  <datafield tag="250" ind1=" " ind2=" ">
    <subfield code="a">2nd Edition.</subfield>
  </datafield>
  <datafield tag="260" ind1=" " ind2=" ">
    <subfield code="a">NJ:</subfield>
    <subfield code="b">Jhon Wiley &amp; Sons, Inc.,</subfield>
    <subfield code="c">c2015.</subfield>
  </datafield>
  <datafield tag="300" ind1=" " ind2=" ">
    <subfield code="a">xiv, 388 pages :</subfield>
    <subfield code="b">illustrations ;</subfield>
    <subfield code="c">24 cm</subfield>
  </datafield>
  <datafield tag="490" ind1="1" ind2=" ">
    <subfield code="a">For dummies</subfield>
  </datafield>
  <datafield tag="500" ind1=" " ind2=" ">
    <subfield code="a">Includes index.</subfield>
  </datafield>
  <datafield tag="505" ind1="0" ind2=" ">
    <subfield code="a">Going beyond beginning algebra -- Toeing the straight line: linear equations -- Conquering quadratic equations -- Rooting out the rational, radical, and negative -- Graphing your way to the good life -- Formulating function facts -- Sketching and interpreting quadratic functions -- Staying ahead of the curves: polynomials -- Reasoning with rational functions -- Exposing exponential and logarithmic functions -- Cutting up conic sections -- Solving systems of linear equations -- Solving systems of nonlinear equations and inequalities -- Simplifying complex numbers in a complex world -- Making moves with matrices -- Making a list: sequences and series -- Everything you wanted to know about sets -- Ten multiplication tricks -- Ten special types of numbers.</subfield>
  </datafield>
  <datafield tag="520" ind1=" " ind2=" ">
    <subfield code="a">Algebra can evoke anxiety in the best of us. Sterling shows you how to get up to speed on exponential functions, conic sections, matrices, and other advanced concepts.</subfield>
  </datafield>
  <datafield tag="650" ind1=" " ind2="0">
    <subfield code="a">Algebra.</subfield>
  </datafield>
  <datafield tag="650" ind1=" " ind2="7">
    <subfield code="a">Algebra.</subfield>
    <subfield code="2">fast</subfield>
    <subfield code="x">ME</subfield>
  </datafield>
  <datafield tag="830" ind1=" " ind2="0">
    <subfield code="a">--For dummies.</subfield>
  </datafield>
  <datafield tag="856" ind1=" " ind2=" ">
    <subfield code="u">http://www.amazon.com/Algebra-Dummies-Mary-Jane-Sterling/dp/1119090628/ref=sr_1_1?s=books&amp;ie=UTF8&amp;qid=1455784543&amp;sr=1-1&amp;keywords=9781119090625</subfield>
  </datafield>
  <datafield tag="906" ind1=" " ind2=" ">
    <subfield code="a">0</subfield>
    <subfield code="b">ibc</subfield>
    <subfield code="c">copycat</subfield>
    <subfield code="d">2</subfield>
    <subfield code="e">epcn</subfield>
    <subfield code="f">20</subfield>
    <subfield code="g">y-gencatlg</subfield>
  </datafield>
  <datafield tag="942" ind1=" " ind2=" ">
    <subfield code="2">ddc</subfield>
    <subfield code="c">BK</subfield>
  </datafield>
  <datafield tag="999" ind1=" " ind2=" ">
    <subfield code="c">71524</subfield>
    <subfield code="d">71524</subfield>
  </datafield>
  <datafield tag="952" ind1=" " ind2=" ">
    <subfield code="0">0</subfield>
    <subfield code="1">0</subfield>
    <subfield code="2">ddc</subfield>
    <subfield code="3">paperback</subfield>
    <subfield code="4">0</subfield>
    <subfield code="7">0</subfield>
    <subfield code="a">PNEC</subfield>
    <subfield code="b">PNEC</subfield>
    <subfield code="c">WING-A</subfield>
    <subfield code="d">2015-12-07</subfield>
    <subfield code="e">Siddiqui Enterprises/Reference grant</subfield>
    <subfield code="g">1974.00</subfield>
    <subfield code="l">0</subfield>
    <subfield code="o">512 STE</subfield>
    <subfield code="p">PNECLIB-032420</subfield>
    <subfield code="r">2016-02-18</subfield>
    <subfield code="v">1974.00</subfield>
    <subfield code="w">2015-12-07</subfield>
    <subfield code="y">BK</subfield>
  </datafield>
</record>
